000 01237nam a2200313 c 4500
003 BLK
005 20250329152557.0
008 180412b bul|||||r ||||||| ||bul||
010 _aKNG00014629000
020 _a954-418-079-6
_bиздат.: Галактика
040 _aBLK
041 _aBUL
_cBUL
080 _aНемска литература
_b821.112.2
_x-32
_z821.112.2-32
100 1 _aРемарк, Ерих Мария
_eпърви автор
_gРемарк, Ерих Паул
_9257978
700 1 _aЖелезарова, Димитричка
_eпрев. от нем.
_9257979
139 _aРемарк, Ерих Мария
_bР 51
245 1 0 _aВрагът
_bРазкази
_cЕрих Мария Ремарк; прев. от нем. Димитричка Железарова.
257 _aDEU
260 Варна
_bГалактика
_c1995
300 _a72 с.
_c20 см
380 _aX
500 _aОриг. загл. Der Feind / Erich Maria Remarque. - 1 000 тир.
852 _aЦб 190612
856 4 _qpdf
_u
856 4 _qpdf
_u
942 _cKNG
_n0
_06
944 _aCR
_c15.01.2003
_k30540
_lСевдалина Тодорова
944 _aED
_c23.07.2015
_kВиолета_Тройчева
999 _c13005
_d13005